| 000 | 00580nam a2200193Ia 4500 | ||
|---|---|---|---|
| 003 | OSt | ||
| 005 | 20250912104606.0 | ||
| 020 | _a0-13-480301-9 | ||
| 040 | _cLC | ||
| 050 |
_aQA 76 .F73 1980 _b1 |
||
| 100 | _aFRATES, JEFFREY | ||
| 245 | 0 | _aINTRODUCTION TO THE COMPUTER: AN INTEGRATIVE APPROACH | |
| 260 |
_aNEW JERSEY, _bPRENTICE-HALL INC., _c1980, |
||
| 300 | _aXXV, 449 P, ILL | ||
| 500 | _aINCLUDES BIBLIOGRAPHICAL REFERENCES AND INDEX | ||
| 650 | _aComputers, Electronic digital computers, Electronic data processing | ||
| 700 | _aMOLDRUP WILLIAM, | ||
| 942 |
_cBK _2lcc _n0 |
||
| 999 |
_c62732 _d62732 |
||